00554nam a22001337a 4500003000400000005001700004008004100021040001400062100002900076245014800105300002700253500010800280504003200388OSt20171010095442.0120613t xxu||||| |||| 00| 0 eng d aMMSUcULS aCabacungan, Kathleen A.  aComparative study of biodegradable plastic produced using cadena de amor, cassava, sweet potato and taro as an additivecKathleen A. Cabacungan aix, 38 leaves c28 cm. aThesis (BS Chemical Engineering) -- Mariano Marcos State University-College of Engineering, Batac City  aBibliography: leaves 29-30